Vista normal Vista MARC

Entrada Materia (personas)

Número de registros utilizados en: 1

001 - CONTROL NUMBER

  • control field: 87055

003 - CONTROL NUMBER IDENTIFIER

  • control field: Co-BoUCM

005 - DATE AND TIME OF LATEST TRANSACTION

  • control field: 20170901112853.0

008 - FIXED-LENGTH DATA ELEMENTS

  • fixed length control field: 170901|| aca||aabn | a|a d

040 ## - CATALOGING SOURCE

  • Original cataloging agency: Co-BoUCM
  • Transcribing agency: Co-BoUCM

100 ## - HEADING--PERSONAL NAME

  • Personal name: Davis, Mike
  • Relator term: prólogo

670 ## - SOURCE DATA FOUND

  • Source citation: Work cat.: (Co-BoUCM)307044: Hagedorn, John 1947- 87054, A world of gangs, 2008